| 000 | 00866nam a22002897a 4500 | ||
|---|---|---|---|
| 003 | CHAP | ||
| 005 | 20220329135506.0 | ||
| 008 | 971013s1911 r 00010 d | ||
| 010 | _a37493 | ||
| 011 | _a38465 | ||
| 035 | _a42585 | ||
| 040 | _cCHAP | ||
| 090 | _aFolleto 5995y | ||
| 100 | 0 | 0 |
_aParloa, María. _985641 |
| 245 | 1 | _aEnvase y conservación de frutas | |
| 260 |
_aMéxico : _bSecretaría de Fomento, _c1911 |
||
| 300 |
_a59 p. _b: ilus. |
||
| 590 |
_aBATCH-UPD _b10 _c20130110 _lUCH01 _h2021 |
||
| 590 |
_aBATCH-UPD _b10 _c20130410 _lUCH01 _h1339 |
||
| 590 |
_aBATCH-UPD _b10 _c20130914 _lUCH01 _h1449 |
||
| 590 |
_aCONVERSION _b10 _c20130109 _lUCH01 _h1321 |
||
| 650 | 1 | 4 |
_aFruta _xPreservación. _943652 |
| 710 | 0 |
_aMéxico. Secretaría de Fomento. _977175 |
|
| 901 | _aBK | ||
| 942 | _cFOLL | ||
| 949 |
_aFolleto 5995y _bBC _cBPP _d-97989 _eBPP _i42585 _mD _si |
||
| 999 |
_c37493 _d37493 |
||